[Event "CN Feminino 2023-24"]
[Site "Famalicão POR"]
[Date "2024.06.02"]
[Round "6.8"]
[White "Frolova, Alisa"]
[Black "Vieira, Beatriz"]
[Result "0-1"]
[WhiteElo "1485"]
[BlackElo "1439"]
[WhiteFideId "1970526"]
[BlackFideId "1970011"]
[PlyCount "80"]
[EventDate "2024.??.??"]

1. d4 d5 2. Nf3 Nf6 3. Nc3 e6 4. Bf4 Bd6 5. Bg3 O-O 6. e3 b6 7. Bd3 c5 8. b3 Ba6
9. O-O Bxg3 10. fxg3 Bxd3 11. Qxd3 cxd4 12. exd4 Nbd7 13. Rfe1 a6 14. a4 Qc7 15.
Ne5 Rfc8 16. Re3 Nxe5 17. dxe5 Ne4 18. Nxe4 dxe4 19. Rxe4 Qxc2 20. Qxc2 Rxc2 21.
b4 Rd8 22. b5 axb5 23. axb5 Rb2 24. Ree1 Rxb5 25. Red1 Rxd1+ 26. Rxd1 g6 27. Kf2
Rxe5 28. Rb1 b5 29. h4 Kf8 30. Kf3 h5 31. Kf4 Rc5 32. Ke4 Rc4+ 33. Ke5 Kg7 34.
Rxb5 Rg4 35. Rb3 g5 36. hxg5 Rxg5+ 37. Kf4 Kf6 38. Rf3 Rf5+ 39. Ke3 Rxf3+ 40.
Kxf3 Kg5 0-1